Catálogo

Vista normal Vista MARC

Entrada Personal Name

Número de registros utilizados en: 3

001 - CONTROL NUMBER

  • control field: 276

003 - CONTROL NUMBER IDENTIFIER

  • control field: DLC

005 - DATE AND TIME OF LATEST TRANSACTION

  • control field: 20250523122341.0

008 - FIXED-LENGTH DATA ELEMENTS

  • fixed length control field: 931002n| acannaabn |a aaa

010 ## - LIBRARY OF CONGRESS CONTROL NUMBER

  • LC control number: n 93097155

035 ## - SYSTEM CONTROL NUMBER

  • System control number: (OCoLC)oca03468200

040 ## - CATALOGING SOURCE

  • Original cataloging agency: DLC
  • Language of cataloging: spa
  • Transcribing agency: Mx-PuUPA
  • Modifying agency: OCoLC
  • Modifying agency: Mx-PuUPA
  • Description conventions: rda

046 ## - SPECIAL CODED DATES

  • Birth date: 1939

100 1# - HEADING--PERSONAL NAME

  • Personal name: Romero Salinas, Joel,
  • Dates associated with a name: 1939-

374 ## - OCCUPATION

  • Occupation: Autor

375 ## - GENDER

  • Gender: hombre

377 ## - ASSOCIATED LANGUAGE

  • Language code: spa

400 1# - SEE FROM TRACING--PERSONAL NAME

  • Personal name: Romero, Joel,
  • Dates associated with a name: 1939-

400 1# - SEE FROM TRACING--PERSONAL NAME

  • Personal name: Salinas, Joel Romero,
  • Dates associated with a name: 1939-

670 ## - SOURCE DATA FOUND

  • Source citation: Eclipse guadalupano, 1992:
  • Information found: t.p. (Joel Romero Salinas) p. 2 of cover (b. 1939 in Pachuca, Hidalgo) p. 4 of cover (Joel Romero)